| 000 | 00652nam a2200229 a 4500 | ||
|---|---|---|---|
| 001 | BRCA_6778 | ||
| 005 | 20190320205603.0 | ||
| 008 | 261011s1932----nyu#######---#000-0#eng-# | ||
| 041 | _aeng | ||
| 044 | _anyu | ||
| 245 | 1 | 0 |
_aEssay in persuasion _cby John Maynard Keynes |
| 260 |
_aNueva York _bHarcourt Brace & Co. _c1932 |
||
| 300 |
_a376 p. _c20 cm. |
||
| 500 | _aI141 | ||
| 504 | _aBibliografía: p. 375-376 | ||
| 650 | 1 | 4 |
_aHistoria económica _y1918 _916906 |
| 650 | 1 | 4 |
_aOro _zAlemania _916907 |
| 650 | 1 | 4 |
_aVersalles, Tratado de, Junio 19 _y1919 _z(Alemania) _916908 |
| 650 | 1 | 4 |
_aCuestión monetartia _916909 |
| 902 | _aGFM | ||
| 942 |
_2lcc _cB |
||
| 999 |
_c6461 _d6461 |
||